| 000 | 01376cam a2200373 a 4500 | ||
|---|---|---|---|
| 001 | 12301635 | ||
| 003 | PILC | ||
| 005 | 20150907093526.0 | ||
| 008 | 010206s2001 nyu 000 1 eng | ||
| 010 | _a 2001016926 | ||
| 020 | _a0805067779 | ||
| 040 |
_aDLC _cDLC _dDLC |
||
| 043 | _an-usc-- | ||
| 050 | 0 | 0 |
_aPS 3619.E76 _b.Se486 2001 |
| 082 | 0 | 0 | _a813/.6 |
| 100 | 1 | _aSernovitz, Gary. | |
| 245 | 1 | 0 |
_aGreat American plain / _cGary Sernovitz. |
| 250 | _a1st edition. | ||
| 260 |
_aNew York : _bHenry Holt and Co., _c2001. |
||
| 300 |
_a228 pages ; _c22 cm. |
||
| 650 | 0 |
_aTriangles (Interpersonal relations) _vFiction. |
|
| 650 | 0 |
_aSales personnel _vFiction. |
|
| 650 | 0 |
_aBrothers _vFiction. |
|
| 650 | 0 |
_aFairs _vFiction. |
|
| 651 | 0 |
_aMiddle West _vFiction. |
|
| 655 | 7 |
_aHumorous fiction. _2gsafd |
|
| 655 | 7 |
_aBildungsromans. _2gsafd |
|
| 655 | 7 |
_aLove stories. _2gsafd |
|
| 856 | 4 | 2 |
_3Contributor biographical information _uhttp://www.loc.gov/catdir/enhancements/fy0667/2001016926-b.html |
| 856 | 4 | 2 |
_3Publisher description _uhttp://www.loc.gov/catdir/enhancements/fy0667/2001016926-d.html |
| 906 |
_a7 _bcbc _corignew _d1 _eocip _f20 _gy-gencatlg |
||
| 942 |
_2lcc _cBK _kFOR |
||
| 999 |
_c288625 _d288625 |
||